[Event "Aeroflot Open"]
[Site "Moscow RUS"]
[Date "2007.02.14"]
[Round "1"]
[White "Halkias, S."]
[Black "Alekseev, Evgeny"]
[Result "1/2-1/2"]
[WhiteElo "2583"]
[BlackElo "2661"]
[PlyCount "86"]
[EventDate "2007.02.14"]
[SourceDate "1999.07.01"]

1. d4 Nf6 2. c4 e6 3. Nf3 b6 4. Nc3 Bb4 5. Bg5 Bb7 6. Nd2 c5 7. d5 h6 8. Bh4
Qe7 9. Qc2 Bxc3 10. Qxc3 exd5 11. cxd5 Bxd5 12. e4 Nc6 13. Bd3 Be6 14. O-O g5
15. Bg3 Rg8 16. Rad1 Nh5 17. e5 f5 18. exf6 Qxf6 19. Be2 g4 20. Bd6 Qd4 21. Nc4
Nf4 22. Bxf4 Qxf4 23. Nd6+ Ke7 24. Rd2 Raf8 25. g3 Qe5 26. Qd3 Nd4 27. Nb5 Bf5
28. Qc4 Be6 29. Qd3 Nf3+ 30. Bxf3 gxf3 31. Qh7+ Rg7 32. Qxh6 Kf7 33. Rdd1 Kg8
34. Rfe1 Qxb2 35. Rxe6 dxe6 36. Qxe6+ Rgf7 37. Nd6 Qf6 38. Qb3 c4 39. Qxc4 Rd8
40. Qd5 Kf8 41. Rd3 Qa1+ 42. Rd1 Qf6 43. Rd3 Qa1+ 1/2-1/2

[Event "Aeroflot Open"]
[Site "Moscow RUS"]
[Date "2007.02.15"]
[Round "2"]
[White "Nguyen Ngoc Truongson"]
[Black "Anastasian, A."]
[Result "1/2-1/2"]
[WhiteElo "2528"]
[BlackElo "2587"]
[PlyCount "55"]
[EventDate "2007.02.14"]
[SourceDate "1999.07.01"]

1. d4 Nf6 2. c4 e6 3. Nf3 b6 4. a3 Bb7 5. Nc3 d5 6. Bg5 Be7 7. e3 h6 8. Bxf6
Bxf6 9. cxd5 exd5 10. g3 O-O 11. Bg2 Nd7 12. O-O Re8 13. Qc2 c6 14. Rfd1 g6 15.
b4 a6 16. a4 b5 17. Ne1 Nb6 18. Nd3 Bc8 19. axb5 axb5 20. Rxa8 Nxa8 21. Ne2 Bd7
22. Ne5 Bxe5 23. dxe5 Rxe5 24. Nd4 Qe8 25. Qc5 Nc7 26. Qd6 Na8 27. Qc5 Nc7 28.
Qd6 1/2-1/2

[Event "Aeroflot Open"]
[Site "Moscow RUS"]
[Date "2007.02.17"]
[Round "4"]
[White "Korotylev, A."]
[Black "Hou Yifan"]
[Result "1-0"]
[WhiteElo "2615"]
[BlackElo "2509"]
[PlyCount "85"]
[EventDate "2007.02.14"]
[SourceDate "1999.07.01"]

1. d4 Nf6 2. c4 e6 3. Nf3 b6 4. Nc3 Bb4 5. Qb3 c5 6. a3 Bxc3+ 7. Qxc3 d6 8. e3
O-O 9. Be2 Nbd7 10. O-O Bb7 11. b4 Ne4 12. Qb3 Rb8 13. Bb2 d5 14. Rad1 Qe7 15.
Qa4 cxb4 16. cxd5 Bxd5 17. axb4 Rfc8 18. b5 Rb7 19. Rc1 Rbc7 20. Rxc7 Rxc7 21.
Ra1 h6 22. Bf1 Qd8 23. Qd1 Qc8 24. Rc1 Rxc1 25. Qxc1 Qxc1 26. Bxc1 f5 27. Ba3
Kf7 28. Bb4 g5 29. Ne1 e5 30. f3 Nef6 31. dxe5 Nxe5 32. Bc3 Ke6 33. Nc2 Kd6 34.
Bb4+ Kd7 35. Nd4 f4 36. exf4 gxf4 37. Bd2 Nh5 38. Ne2 Nd3 39. Bc3 Bc4 40. Nc1
Nxc1 41. Bxc4 Kd6 42. Bd4 a5 43. bxa6 1-0

[Event "Aeroflot Open"]
[Site "Moscow RUS"]
[Date "2007.02.17"]
[Round "4"]
[White "Evdokimov, Alexa"]
[Black "Khairullin, I."]
[Result "1/2-1/2"]
[WhiteElo "2531"]
[BlackElo "2586"]
[PlyCount "30"]
[EventDate "2007.02.14"]
[SourceDate "1999.07.01"]

1. d4 Nf6 2. c4 e6 3. Nf3 b6 4. g3 Ba6 5. b3 Bb7 6. Bg2 Bb4+ 7. Bd2 c5 8. O-O
O-O 9. dxc5 Bxc5 10. Nc3 d5 11. cxd5 Nxd5 12. Qc2 Nf6 13. Rad1 Nbd7 14. Bf4 Qe7
15. Ne5 Bxg2 1/2-1/2

[Event "Aeroflot Open"]
[Site "Moscow RUS"]
[Date "2007.02.18"]
[Round "5"]
[White "Halkias, S."]
[Black "Shaposhnikov, E."]
[Result "1-0"]
[WhiteElo "2583"]
[BlackElo "2554"]
[PlyCount "67"]
[EventDate "2007.02.14"]
[SourceDate "1999.07.01"]

1. d4 Nf6 2. c4 e6 3. Nf3 b6 4. Nc3 Bb4 5. Bg5 Bb7 6. Nd2 Nc6 7. e3 h6 8. Bh4
Ne7 9. Bxf6 gxf6 10. Qb3 c5 11. O-O-O f5 12. d5 Qb8 13. f4 Rg8 14. Nf3 Bxc3 15.
Qxc3 exd5 16. Qf6 Qc7 17. Ne5 Rf8 18. cxd5 Nxd5 19. Rxd5 Bxd5 20. Bb5 Be6 21.
Rd1 Qd8 22. Qxh6 Rc8 23. g4 fxg4 24. f5 Bxf5 25. Nc4 Be6 26. Nd6+ Ke7 27. Qh4+
f6 28. Qh7+ Rf7 29. Nxf7 Qg8 30. Qe4 d5 31. Rxd5 Kxf7 32. Rd7+ Kf8 33. Bc4 Re8
34. Qf4 1-0

[Event "Aeroflot Open"]
[Site "Moscow RUS"]
[Date "2007.02.19"]
[Round "6"]
[White "Harikrishna, P."]
[Black "Ivanov, AV USA."]
[Result "1-0"]
[WhiteElo "2673"]
[BlackElo "2577"]
[PlyCount "110"]
[EventDate "2007.02.14"]
[SourceDate "1999.07.01"]

1. d4 Nf6 2. Nf3 e6 3. c4 b6 4. g3 Ba6 5. Qc2 c5 6. d5 exd5 7. cxd5 Bb7 8. Bg2
Nxd5 9. Qb3 Nc7 10. Ne5 d5 11. Nc3 Nd7 12. Bf4 Nxe5 13. Bxe5 Bd6 14. Bxg7 Rg8
15. Bh6 Be5 16. Qa4+ Qd7 17. Qxd7+ Kxd7 18. O-O-O Ke6 19. Rd3 Rab8 20. f4 Bd4
21. f5+ Kf6 22. e4 dxe4 23. Nxe4+ Bxe4 24. Bxe4 Rge8 25. Bc6 Red8 26. Rf3 Rd6
27. Ba4 b5 28. Bc2 Nd5 29. Re1 Rg8 30. h3 Nb4 31. Bb1 Nc6 32. g4 Ne5 33. Rf4
Nc4 34. g5+ Rxg5 35. Bxg5+ Kxg5 36. Rg4+ Kf6 37. Re2 Be3+ 38. Kc2 Bg5 39. Rg3
Rd4 40. Rc3 b4 41. Rd3 Rh4 42. a3 bxa3 43. bxa3 Kxf5 44. Kc3 Kf6 45. Rd5 h6 46.
Rf2+ Ke7 47. Rxc5 Nxa3 48. Ba2 Rxh3+ 49. Kb4 Kd6 50. Ra5 Be7 51. Rxa7 Re3 52.
Ka4 Kc6 53. Rxe7 Rxe7 54. Kxa3 Kc5 55. Rd2 Kc6 1-0

[Event "TCh-FRA Top 16 GpB"]
[Site "Chalons en Champagne FRA"]
[Date "2007.02.10"]
[Round "2"]
[White "Komarov, D."]
[Black "Jakovenko, D."]
[Result "1/2-1/2"]
[WhiteElo "2540"]
[BlackElo "2691"]
[PlyCount "83"]
[EventDate "2007.02.09"]
[SourceDate "1999.07.01"]

1. d4 Nf6 2. c4 e6 3. Nf3 b6 4. g3 Bb7 5. Bg2 Bb4+ 6. Bd2 Be7 7. Nc3 d5 8. cxd5
exd5 9. Qa4+ c6 10. O-O O-O 11. Bf4 Nbd7 12. Rad1 Re8 13. Bh3 Bf8 14. Bg5 Re7
15. e4 h6 16. Bxf6 Nxf6 17. e5 Ne4 18. Nxe4 dxe4 19. Nh4 Qc7 20. Nf5 Ree8 21.
Bg2 c5 22. Qc2 Rad8 23. Rfe1 g6 24. Nh4 Be7 25. Bxe4 Bxh4 26. gxh4 Bxe4 27.
Qxe4 Rxd4 28. Rxd4 cxd4 29. Qxd4 h5 30. Kg2 Re6 31. Re3 Qc6+ 32. Qe4 Kf8 33.
Qxc6 Rxc6 34. Rc3 Re6 35. f4 f6 36. Rc8+ Ke7 37. Rc7+ Kd8 38. Rxa7 fxe5 39.
fxe5 Rxe5 40. Kf3 Rc5 41. Rf7 Rb5 42. b3 1/2-1/2

[Event "TCh-FRA Top 16 GpB"]
[Site "Metz FRA"]
[Date "2007.02.11"]
[Round "3"]
[White "Svetushkin, D."]
[Black "Sokolov, And1"]
[Result "0-1"]
[WhiteElo "2588"]
[BlackElo "2585"]
[PlyCount "60"]
[EventDate "2007.02.09"]
[SourceDate "1999.07.01"]

1. d4 Nf6 2. c4 e6 3. Nf3 b6 4. Nc3 Bb7 5. Bg5 h6 6. Bh4 Be7 7. Qc2 O-O 8. e4
Nh5 9. Bg3 d5 10. exd5 exd5 11. Nxd5 Bxd5 12. cxd5 Bb4+ 13. Kd1 Qxd5 14. a3 Bd6
15. Bc4 Qb7 16. Nh4 Nd7 17. Be2 Qd5 18. Qd3 Rad8 19. Bf3 Nc5 20. Qc2 Qxd4+ 21.
Kc1 Nxg3 22. fxg3 Be5 23. Kb1 Bf6 24. Nf5 Qe5 25. g4 Nd3 26. Ra2 Ne1 27. Qf2
Rfe8 28. Ng3 Rd4 29. Qe2 Nxf3 30. Qxf3 Rd2 0-1

[Event "Bundesliga 2006-7"]
[Site "Tegernsee GER"]
[Date "2007.02.03"]
[Round "8"]
[White "Bunzmann, D."]
[Black "Medvegy, Z."]
[Result "1/2-1/2"]
[WhiteElo "2530"]
[BlackElo "2504"]
[PlyCount "110"]
[EventDate "2007.01.28"]
[SourceDate "1999.07.01"]

1. d4 Nf6 2. c4 e6 3. Nf3 b6 4. g3 Bb7 5. Bg2 Be7 6. O-O O-O 7. Re1 Ne4 8. Nfd2
d5 9. Nxe4 dxe4 10. Nc3 f5 11. d5 Bb4 12. dxe6 Qe7 13. Bd2 Qxe6 14. Nxe4 fxe4
15. Bxb4 c5 16. Bc3 Qxc4 17. Qb3 Qxb3 18. axb3 Nd7 19. Red1 Nf6 20. Bxf6 Rxf6
21. Rd7 Bc6 22. Rc7 Bd5 23. Rd1 Rf7 24. Rxf7 Bxf7 25. Bxe4 Re8 26. Bc6 Bxb3 27.
Rd3 Rc8 28. Bd7 Rc7 29. Bf5 Bc4 30. Rd8+ Kf7 31. Bxh7 Bxe2 32. f4 Ke7 33. Rg8
Kd6 34. Kf2 Bc4 35. Rd8+ Kc6 36. Bc2 Kb5 37. g4 Kb4 38. h4 Bb3 39. Be4 Re7 40.
Kf3 c4 41. f5 a5 42. h5 a4 43. g5 Rc7 44. f6 gxf6 45. g6 c3 46. h6 cxb2 47.
Rd4+ Rc4 48. Rxc4+ Bxc4 49. h7 Bd5 50. Bxd5 b1=Q 51. h8=Q Qf5+ 52. Ke2 Qe5+ 53.
Kf2 Qd4+ 54. Ke2 Qe5+ 55. Kf2 Qd4+ 1/2-1/2

[Event "Bundesliga 2006-7"]
[Site "Tegernsee GER"]
[Date "2007.02.04"]
[Round "9"]
[White "Dautov, R."]
[Black "Medvegy, Z."]
[Result "1/2-1/2"]
[WhiteElo "2582"]
[BlackElo "2504"]
[PlyCount "47"]
[EventDate "2007.01.28"]
[SourceDate "1999.07.01"]

1. d4 Nf6 2. c4 e6 3. Nf3 b6 4. g3 Bb7 5. Bg2 Be7 6. O-O O-O 7. b3 c5 8. Bb2
cxd4 9. Qxd4 d6 10. Nc3 Nbd7 11. e4 Qc7 12. Qe3 Rfe8 13. Nd4 Bf8 14. Qd2 a6 15.
Rfe1 Rac8 16. Rad1 Qb8 17. h3 Nc5 18. Re2 g6 19. Qe1 Rcd8 20. Ba1 Bg7 21. Qd2
Qa8 22. Qe1 Qb8 23. Qd2 Qa8 24. Qe1 1/2-1/2

[Event "Open"]
[Site "Moscow RUS"]
[Date "2007.02.02"]
[Round "7"]
[White "Yakovich, Yur"]
[Black "Yemelin, V."]
[Result "1/2-1/2"]
[WhiteElo "2577"]
[BlackElo "2539"]
[PlyCount "69"]
[EventDate "2007.01.27"]
[SourceDate "1999.07.01"]

1. d4 Nf6 2. c4 e6 3. Nf3 b6 4. Nc3 Bb4 5. Qc2 Bb7 6. a3 Bxc3+ 7. Qxc3 O-O 8.
e3 d6 9. Be2 Nbd7 10. O-O Ne4 11. Qc2 f5 12. b4 Rf6 13. d5 exd5 14. cxd5 Bxd5
15. Bb2 Rg6 16. Bc4 Bxc4 17. Qxc4+ Kh8 18. Qf7 c5 19. Rad1 Rc8 20. Qxf5 Qe8 21.
Nd2 Nxd2 22. Rxd2 c4 23. Rc1 a6 24. a4 Ne5 25. Bxe5 dxe5 26. Rd5 Re6 27. b5
axb5 28. axb5 e4 29. h3 c3 30. Rc2 h6 31. Qg4 Kh7 32. Qf5+ Kh8 33. Qg4 Kh7 34.
Qf5+ Kh8 35. Qg4 1/2-1/2

[Event "Open"]
[Site "Moscow RUS"]
[Date "2007.02.04"]
[Round "9"]
[White "Khismatullin, D."]
[Black "Yemelin, V."]
[Result "0-1"]
[WhiteElo "2599"]
[BlackElo "2539"]
[PlyCount "102"]
[EventDate "2007.01.27"]
[SourceDate "1999.07.01"]

1. d4 Nf6 2. c4 e6 3. Nf3 b6 4. g3 Bb7 5. Bg2 Bb4+ 6. Nbd2 O-O 7. O-O c5 8. a3
Bxd2 9. Qxd2 cxd4 10. Qxd4 Nc6 11. Qh4 Na5 12. Bg5 h6 13. Bxf6 Qxf6 14. Qxf6
gxf6 15. Nd2 Bxg2 16. Kxg2 Rfc8 17. Rac1 Kf8 18. Rc3 f5 19. Rfc1 Rc7 20. h3 h5
21. h4 Rac8 22. Kf1 Ke7 23. Ke1 Nb7 24. e3 Nc5 25. Ke2 Ne4 26. Nxe4 fxe4 27.
Kd2 Kf6 28. Ke2 Ke5 29. Rd1 d5 30. cxd5 Rxc3 31. bxc3 exd5 32. Kd2 Rc5 33. Rc1
Ra5 34. Ra1 Kf5 35. Ke2 Kg4 36. Rd1 f5 37. a4 Rxa4 38. Rxd5 Ra2+ 39. Ke1 Ra1+
40. Ke2 Rc1 41. Kd2 Rb1 42. c4 Rf1 43. Ke2 Rc1 44. Re5 Rxc4 45. Re7 Rc2+ 46.
Ke1 Kf3 47. Rf7 Rc1+ 48. Kd2 Rc5 49. g4 Kxg4 50. Ke1 a5 51. Rg7+ Kxh4 0-1

[Event "Open"]
[Site "Moscow RUS"]
[Date "2007.02.04"]
[Round "9"]
[White "Moiseenko, A1."]
[Black "Chernyshov, K."]
[Result "1/2-1/2"]
[WhiteElo "2627"]
[BlackElo "2556"]
[PlyCount "85"]
[EventDate "2007.01.27"]
[SourceDate "1999.07.01"]

1. d4 e6 2. Nf3 Nf6 3. c4 b6 4. g3 Bb7 5. Bg2 Be7 6. O-O O-O 7. d5 Na6 8. Nd4
exd5 9. Nf5 c6 10. cxd5 cxd5 11. Nc3 Nc7 12. Bf4 d6 13. Qa4 Ne6 14. Rfd1 Nxf4
15. Qxf4 g6 16. Ne3 Rc8 17. Nexd5 Bxd5 18. Bxd5 Qd7 19. Rd2 Rc5 20. Rad1 Kg7
21. Rd3 Qg4 22. Qxg4 Nxg4 23. Bb3 Nf6 24. a4 a6 25. Rd4 Rb8 26. Kg2 h5 27. h3
Rb7 28. R1d3 b5 29. axb5 axb5 30. Rf3 Re5 31. e3 Rb6 32. Rff4 g5 33. Rf3 b4 34.
Nd5 Nxd5 35. Bxd5 f5 36. e4 fxe4 37. Rxe4 Rxe4 38. Bxe4 b3 39. Bd5 Bf6 40. Bxb3
Bxb2 41. Rd3 Be5 42. Kf3 Rb4 43. Ke3 1/2-1/2

[Event "Open"]
[Site "Moscow RUS"]
[Date "2007.02.04"]
[Round "9"]
[White "Rychagov, A."]
[Black "Ionov, S."]
[Result "0-1"]
[WhiteElo "2586"]
[BlackElo "2522"]
[PlyCount "124"]
[EventDate "2007.01.27"]
[SourceDate "1999.07.01"]

1. d4 Nf6 2. c4 e6 3. Nf3 b6 4. g3 Ba6 5. b3 Bb4+ 6. Bd2 Be7 7. Bg2 d5 8. cxd5
exd5 9. O-O O-O 10. Nc3 Bb7 11. Qc2 Na6 12. Rfd1 Qc8 13. a3 c5 14. Bf4 Rd8 15.
Ne1 Qe6 16. Nd3 Rac8 17. Be5 Qf5 18. Qb2 Ng4 19. Bh3 Qg5 20. Qd2 Qxd2 21. Rxd2
f5 22. Bxg4 fxg4 23. Nb5 Ra8 24. Nf4 Kf7 25. Rad1 Bc6 26. Nc3 g5 27. Ng2 Ke6
28. Ne3 h5 29. h3 gxh3 30. g4 hxg4 31. Nxg4 cxd4 32. Bxd4 Nc5 33. Rb1 Bd6 34.
b4 Ne4 35. Rd3 Kf5 36. Nh6+ Kg6 37. Ng4 Bd7 38. Ne5+ Bxe5 39. Bxe5 Nxc3 40.
Rxc3 Re8 41. Re3 Kf5 42. Bd4 Rxe3 43. Bxe3 Bb5 44. Rd1 Rd8 45. Rd2 g4 46. Kh2
Bc4 47. Kg3 Rh8 48. Kh2 Re8 49. a4 Re5 50. Kg3 Bxe2 51. a5 bxa5 52. bxa5 a6 53.
Rd4 Bf3 54. Rf4+ Kg6 55. Rd4 Rh5 56. Kh2 Re5 57. Kg3 Re6 58. Rb4 Kf5 59. Rb6
Rxb6 60. axb6 d4 61. Bxd4 a5 62. Bc5 a4 0-1

[Event "Corus C"]
[Site "Wijk aan Zee NED"]
[Date "2007.01.27"]
[Round "12"]
[White "Brynell, S."]
[Black "Hou Yifan"]
[Result "1/2-1/2"]
[WhiteElo "2501"]
[BlackElo "2509"]
[PlyCount "89"]
[EventDate "2007.01.13"]
[SourceDate "1999.07.01"]

1. d4 Nf6 2. c4 e6 3. Nf3 b6 4. g3 Ba6 5. b3 b5 6. Bg2 bxc4 7. Ne5 Bb4+ 8. Bd2
cxb3 9. axb3 Bxd2+ 10. Qxd2 d5 11. O-O O-O 12. Nc3 Qd6 13. Rfc1 Nfd7 14. e4 c6
15. Nxc6 Qxc6 16. exd5 Qd6 17. Ne4 Qb6 18. Nc5 Nxc5 19. dxc5 Qb5 20. dxe6 Bb7
21. exf7+ Kh8 22. Ra5 Qxb3 23. Qd6 Nc6 24. Bxc6 Qxf7 25. Bxb7 Qxf2+ 26. Kh1
Rad8 27. Raa1 Rxd6 28. cxd6 Qb6 29. Bc6 Rc8 30. Bg2 Rd8 31. Rc6 Qd4 32. Rca6
Rd7 33. h4 Rxd6 34. Rxa7 h5 35. Ra8+ Kh7 36. R1a2 Qe3 37. R8a3 Qe5 38. Kh2 g5
39. Ra5 Qe6 40. hxg5 Kg6 41. Rf2 Qe3 42. Raf5 Rd2 43. Rf6+ Kg7 44. Rf7+ Kg6 45.
R7f6+ 1/2-1/2

[Event "ch-EST"]
[Site "Tallinn EST"]
[Date "2007.01.27"]
[Round "9"]
[White "Kanep, M."]
[Black "Kulaots, K."]
[Result "1-0"]
[WhiteElo "2504"]
[BlackElo "2525"]
[PlyCount "69"]
[EventDate "2007.01.20"]
[SourceDate "1999.07.01"]

1. d4 Nf6 2. c4 e6 3. Nf3 b6 4. g3 Bb7 5. Bg2 Be7 6. O-O O-O 7. Nc3 Ne4 8. Bd2
f5 9. Qc2 Bf6 10. Rfd1 Qe7 11. d5 Na6 12. Nxe4 fxe4 13. Qxe4 Nc5 14. Qe3 Bxb2
15. Rab1 Bf6 16. Bb4 Ba6 17. Nd2 d6 18. dxe6 Rae8 19. Bc6 Rd8 20. f4 Bc8 21.
Bd5 Kh8 22. Bxc5 dxc5 23. Nf3 Qd6 24. f5 c6 25. Be4 Bd4 26. Nxd4 cxd4 27. Qf4
Qc5 28. Qh4 Rf6 29. g4 Re8 30. Bd3 Qe5 31. Qg3 Qc5 32. Rf1 Qe7 33. Rf4 c5 34.
g5 Rff8 35. Rh4 1-0

[Event "ch-EST Playoff"]
[Site "Tallinn EST"]
[Date "2007.01.27"]
[Round "3"]
[White "Kanep, M."]
[Black "Kulaots, K."]
[Result "1-0"]
[WhiteElo "2504"]
[BlackElo "2525"]
[PlyCount "33"]
[EventDate "2007.01.27"]
[SourceDate "1999.07.01"]

1. d4 Nf6 2. c4 e6 3. Nf3 b6 4. g3 Ba6 5. Qc2 Bb7 6. Bg2 c5 7. d5 exd5 8. cxd5
Nxd5 9. Qb3 Nf6 10. Ne5 d5 11. Nc3 Nc6 12. Nxc6 Bxc6 13. Bg5 c4 14. Qc2 Bb4 15.
O-O-O Bxc3 16. Qxc3 Ne4 17. Qe5+ 1-0

[Event "Corus B"]
[Site "Wijk aan Zee NED"]
[Date "2007.01.21"]
[Round "8"]
[White "Georgiev, Vl"]
[Black "Werle, J."]
[Result "1/2-1/2"]
[WhiteElo "2525"]
[BlackElo "2566"]
[PlyCount "86"]
[EventDate "2007.01.13"]
[SourceDate "1999.07.01"]

1. d4 Nf6 2. c4 e6 3. Nf3 b6 4. Nc3 Bb7 5. e3 d5 6. cxd5 exd5 7. Bb5+ c6 8. Bd3
Nbd7 9. O-O Bd6 10. e4 dxe4 11. Nxe4 Nxe4 12. Bxe4 Nf6 13. Bg5 h6 14. Bxf6 Qxf6
15. Ne5 O-O 16. Re1 Rfe8 17. Qh5 Rad8 18. Re3 Bxe5 19. dxe5 Qg5 20. Qe2 Qe7 21.
Rf1 c5 22. Bxb7 Qxb7 23. f4 Rd4 24. f5 Qd5 25. e6 fxe6 26. fxe6 Rd2 27. Qg4 Qd4
28. Qf3 Rd3 29. Qf7+ Kh8 30. Qxe8+ Kh7 31. Qf7 Qxe3+ 32. Kh1 Qe4 33. Qxa7 Rd2
34. Rg1 Qxe6 35. b3 Qd5 36. Qa6 Qd4 37. Qf1 Qe4 38. Qa6 Rd6 39. Qf1 Qc2 40. Qa6
Rg6 41. h3 Qe4 42. Qc4 Qxc4 43. bxc4 Re6 1/2-1/2

[Event "ch-BLR"]
[Site "Minsk BLR"]
[Date "2007.01.16"]
[Round "7"]
[White "Dydyshko, V."]
[Black "Maiorov, N."]
[Result "1/2-1/2"]
[WhiteElo "2574"]
[BlackElo "2516"]
[PlyCount "67"]
[EventDate "2007.01.10"]
[SourceDate "1999.07.01"]

1. d4 Nf6 2. c4 e6 3. Nf3 b6 4. g3 Ba6 5. Qb3 Nc6 6. Nbd2 Bb7 7. e4 d5 8. cxd5
exd5 9. e5 Ne4 10. Bd3 Bb4 11. O-O O-O 12. Rd1 Bxd2 13. Bxd2 a5 14. Rac1 Rc8
15. a3 Kh8 16. Bb5 Ne7 17. Be2 Ba8 18. Bg5 h6 19. Bxe7 Qxe7 20. Nh4 Rb8 21. Bg4
c5 22. f3 Ng5 23. Nf5 Qd8 24. Nd6 f6 25. f4 cxd4 26. exf6 Qxf6 27. Nb5 d3 28.
Qxd3 Ne4 29. Nd4 Bb7 30. Rc2 Nc5 31. Qf3 Bc8 32. Bxc8 Rbxc8 33. Ne2 Na4 34.
Rxc8 1/2-1/2

[Event "ch-BLR"]
[Site "Minsk BLR"]
[Date "2007.01.12"]
[Round "3"]
[White "Dydyshko, V."]
[Black "Zhigalko, S."]
[Result "1/2-1/2"]
[WhiteElo "2574"]
[BlackElo "2539"]
[PlyCount "49"]
[EventDate "2007.01.10"]
[SourceDate "1999.07.01"]

1. d4 Nf6 2. c4 e6 3. Nf3 b6 4. g3 Ba6 5. Qb3 d5 6. cxd5 exd5 7. Nc3 Be7 8. Bg2
O-O 9. Ne5 c6 10. O-O Nfd7 11. Nf3 Nf6 12. Bf4 Nbd7 13. Rfd1 Nh5 14. Rac1 Nxf4
15. gxf4 Bb7 16. e3 Kh8 17. Ne2 f6 18. Ng3 Re8 19. h4 Nf8 20. Bh3 Bc8 21. Bxc8
Rxc8 22. Kg2 Qd7 23. h5 Bd6 24. Rh1 Ne6 25. Rh4 1/2-1/2

[Event "1st ACP World Rapid Cup"]
[Site "Odessa UKR"]
[Date "2007.01.07"]
[Round "2.2"]
[White "Gelfand, B."]
[Black "Shirov, A."]
[Result "1/2-1/2"]
[WhiteElo "2733"]
[BlackElo "2715"]
[PlyCount "132"]
[EventDate "2007.01.05"]
[SourceDate "1999.07.01"]

1. d4 Nf6 2. Nf3 e6 3. c4 b6 4. g3 Bb4+ 5. Bd2 c5 6. Bg2 Bb7 7. O-O O-O 8. Bc3
d6 9. a3 Bxc3 10. Nxc3 Nbd7 11. Rc1 a6 12. Qd2 Qe7 13. Rfd1 Rfd8 14. d5 exd5
15. Nh4 b5 16. cxd5 g6 17. Qg5 Kh8 18. Nf3 Re8 19. Qh4 Qf8 20. Qf4 Nh5 21. Qd2
Qg7 22. Ng5 Rad8 23. Nge4 Nb6 24. b3 Bc8 25. Ng5 Nf6 26. Qf4 h6 27. Nf3 Bb7 28.
Ne1 g5 29. Qd2 b4 30. axb4 cxb4 31. Qd4 bxc3 32. Qxb6 Rb8 33. Qxd6 Red8 34. Qc5
Rbc8 35. Qa5 Ng4 36. Qb4 f5 37. Qd4 Qxd4 38. Rxd4 Nf6 39. Rc4 Nxd5 40. Nd3 Re8
41. e3 Rb8 42. Nc5 Ba8 43. Bxd5 Bxd5 44. R4xc3 a5 45. Rd3 Bf3 46. Kf1 Rbc8 47.
Ke1 Re5 48. Rdc3 Rd5 49. e4 fxe4 50. Nxe4 Rxc3 51. Nxc3 Rd3 52. Ne2 g4 53. Ra1
Rd5 54. Ng1 Be4 55. Ke2 Bc2 56. Ra3 Rb5 57. f3 h5 58. fxg4 hxg4 59. Kd2 Bxb3
60. h3 gxh3 61. Nxh3 Kg7 62. Nf4 Kf6 63. Ne2 Bc4 64. Nc3 Re5 65. Ra4 Bb3 66.
Rf4+ Kg6 1/2-1/2

[Event "1st ACP World Rapid Cup"]
[Site "Odessa UKR"]
[Date "2007.01.08"]
[Round "3.4"]
[White "Gelfand, B."]
[Black "Leko, P."]
[Result "1-0"]
[WhiteElo "2733"]
[BlackElo "2749"]
[PlyCount "131"]
[EventDate "2007.01.05"]
[SourceDate "1999.07.01"]

1. d4 Nf6 2. c4 e6 3. Nf3 b6 4. g3 Ba6 5. Qc2 Bb7 6. Bg2 c5 7. d5 exd5 8. cxd5
Nxd5 9. O-O Be7 10. Rd1 Qc8 11. Qf5 Nf6 12. Nc3 Nc6 13. Bg5 d5 14. Nh4 Nd4 15.
Qxc8+ Rxc8 16. e3 Ne6 17. Bxf6 Bxf6 18. Nf5 Rd8 19. Nxd5 Bxd5 20. Bxd5 O-O 21.
Rab1 g6 22. Bxe6 Rxd1+ 23. Rxd1 fxe6 24. Nd6 Rd8 25. Rd2 Bxb2 26. Nc4 Rxd2 27.
Nxd2 b5 28. Kf1 c4 29. Ke2 Kf7 30. Ne4 Ke7 31. g4 a5 32. Kd2 b4 33. Kc2 Bg7 34.
Nd2 c3 35. Nb3 Be5 36. Nxa5 Bxh2 37. Nc6+ Kd6 38. Nxb4 Bg1 39. Nd3 h5 40. Kxc3
h4 41. Nf4 Bxf2 42. Kd3 Bg3 43. Ke4 Be1 44. Nxg6 h3 45. Kf3 h2 46. Kg2 Bg3 47.
Nf4 Ke7 48. a4 e5 49. Ne2 Bf2 50. e4 Kf6 51. Kxh2 Kg5 52. Kh3 Bb6 53. Nc3 Ba5
54. Nd5 Be1 55. Nb6 Kf4 56. Nc4 Kxe4 57. a5 Kd5 58. a6 Bf2 59. g5 Ke6 60. Kg4
Bc5 61. Nd2 Be3 62. Ne4 Bd4 63. g6 Be3 64. Kh5 Ke7 65. Nd6 Kf6 66. g7 1-0

[Event "1st ACP World Rapid Cup"]
[Site "Odessa UKR"]
[Date "2007.01.08"]
[Round "4.2"]
[White "Ivanchuk, V."]
[Black "Leko, P."]
[Result "1/2-1/2"]
[WhiteElo "2750"]
[BlackElo "2749"]
[PlyCount "84"]
[EventDate "2007.01.05"]
[SourceDate "1999.07.01"]

1. d4 Nf6 2. Nf3 e6 3. c4 b6 4. g3 Ba6 5. Nbd2 d5 6. Bg2 Be7 7. O-O O-O 8. cxd5
Nxd5 9. Ne5 Bb7 10. Ndc4 c5 11. dxc5 Bxc5 12. Nd3 Na6 13. Nxc5 Nxc5 14. b3 Nf6
15. Bxb7 Nxb7 16. Ba3 Qxd1 17. Rfxd1 Rfc8 18. Rac1 Rc7 19. f3 Rac8 20. Kf2 Ne8
21. g4 f6 22. h4 Kf7 23. g5 b5 24. Ne3 Rxc1 25. Bxc1 Rd8 26. Rg1 e5 27. h5 Ke6
28. Ba3 Nbd6 29. h6 gxh6 30. gxf6 Nxf6 31. Bxd6 Rxd6 32. Rc1 h5 33. Rc5 a6 34.
a4 Nd7 35. Rc8 Rd4 36. axb5 axb5 37. Rh8 Rb4 38. Rxh7 Nf6 39. Rb7 Rxb3 40. Rb6+
Kf7 41. Rb7+ Ke6 42. Rb6+ Kf7 1/2-1/2

[Event "1st ACP World Rapid Cup"]
[Site "Odessa UKR"]
[Date "2007.01.08"]
[Round "4.3"]
[White "Ivanchuk, V."]
[Black "Leko, P."]
[Result "1/2-1/2"]
[WhiteElo "2750"]
[BlackElo "2749"]
[PlyCount "94"]
[EventDate "2007.01.05"]
[SourceDate "1999.07.01"]

1. d4 Nf6 2. Nf3 e6 3. c4 b6 4. g3 Ba6 5. Nbd2 d5 6. Bg2 Be7 7. O-O O-O 8. cxd5
Nxd5 9. Ne5 Bb7 10. Ndc4 c5 11. dxc5 Bxc5 12. Qa4 Qc8 13. Bd2 Nf6 14. Qb3 Bxg2
15. Kxg2 Nc6 16. Nxc6 Qxc6+ 17. Qf3 Qxf3+ 18. Kxf3 Rfd8 19. Bg5 Be7 20. Rfd1 h6
21. Bf4 Nd5 22. Rac1 Kf8 23. Bd2 Ke8 24. e4 Nf6 25. Bc3 Rxd1 26. Rxd1 g6 27.
Ne5 Rc8 28. g4 Rc7 29. h3 h5 30. Nd3 Rd7 31. Rd2 hxg4+ 32. hxg4 Rd8 33. Ne5
Rxd2 34. Bxd2 Nd7 35. Nc6 a6 36. Ke2 Bf6 37. b3 Ne5 38. Nxe5 Bxe5 39. Kd3 b5
40. Bc3 Bd6 41. a4 Kd7 42. axb5 axb5 43. Kd4 Kc6 44. f3 Kd7 45. Bd2 Kc6 46. Bg5
Kd7 47. Bf6 Kc6 1/2-1/2

[Event "Weihnachtsopen Masters"]
[Site "Zurich SUI"]
[Date "2006.12.29"]
[Round "6"]
[White "Pelletier, Y."]
[Black "Miralles, G."]
[Result "1-0"]
[WhiteElo "2588"]
[BlackElo "2502"]
[PlyCount "105"]
[EventDate "2006.12.26"]
[SourceDate "1999.07.01"]

1. d4 Nf6 2. c4 e6 3. Nf3 b6 4. g3 Ba6 5. b3 Bb7 6. Bg2 Bb4+ 7. Bd2 c5 8. Bxb4
cxb4 9. O-O O-O 10. Qd3 d5 11. Nbd2 Ne4 12. Rfc1 a5 13. Ne1 f5 14. Qe3 Nc6 15.
Nxe4 fxe4 16. f4 exf3 17. Qxe6+ Kh8 18. Nxf3 Re8 19. Qxd5 Qf6 20. Ng5 Nd8 21.
Nf7+ Kg8 22. Nxd8+ Bxd5 23. Bxd5+ Kh8 24. Nf7+ Kg8 25. Ne5+ Kh8 26. Nf7+ Kg8
27. Ne5+ Kh8 28. Rf1 Qe7 29. Nf7+ Kg8 30. Ne5+ Kh8 31. Rf7 Qg5 32. Rf4 Rxe5 33.
dxe5 Re8 34. Raf1 Qe7 35. e6 g6 36. Kg2 Qc5 37. e4 Kg7 38. Rf7+ Kh6 39. R1f2
Qe3 40. h4 b5 41. cxb5 Rxe6 42. R7f3 Qb6 43. Bxe6 Qxe6 44. Re2 Qb6 45. e5 Qxb5
46. Ree3 Qd5 47. e6 g5 48. hxg5+ Kxg5 49. e7 Qd2+ 50. Kf1 Qc1+ 51. Kf2 Qd2+ 52.
Re2 Qd4+ 53. Kg2 1-0

[Event "13th Open A"]
[Site "Zadar CRO"]
[Date "2006.12.14"]
[Round "5"]
[White "Blagojevic, Dr"]
[Black "Cvitan, O."]
[Result "1/2-1/2"]
[WhiteElo "2534"]
[BlackElo "2529"]
[PlyCount "27"]
[EventDate "2006.12.11"]
[SourceDate "1999.07.01"]

1. d4 Nf6 2. Nf3 e6 3. c4 b6 4. g3 Bb7 5. Bg2 Be7 6. O-O O-O 7. Nc3 Ne4 8. Nxe4
Bxe4 9. Ne1 Bxg2 10. Nxg2 d5 11. Qa4 Qd7 12. Qxd7 Nxd7 13. cxd5 exd5 14. Rd1
1/2-1/2

[Event "13th Open A"]
[Site "Zadar CRO"]
[Date "2006.12.15"]
[Round "7"]
[White "Cvitan, O."]
[Black "Kovacevic, A."]
[Result "1/2-1/2"]
[WhiteElo "2529"]
[BlackElo "2541"]
[PlyCount "22"]
[EventDate "2006.12.11"]
[SourceDate "1999.07.01"]

1. d4 Nf6 2. c4 e6 3. Nf3 b6 4. g3 Ba6 5. b3 d5 6. cxd5 Bb4+ 7. Bd2 Bxd2+ 8.
Qxd2 Ne4 9. Qb2 exd5 10. Bg2 O-O 11. O-O Nd7 1/2-1/2